000 01234 a2200253 4500
001 41214
005 20260407155706.0
008 260407a2004 arg spa d
003 AR-UNSa-BCEJYS
040 _aAR-UNSa-BCEJYS
_bspa
_cAR-UNSa-BCEJYS
080 _a347.736
_xQuiebra. Insolvencia. Suspensión de pagos. Bancarrota, procedimientos. Derecho Concursal
245 1 0 _aAspectos laborales en la ley de concursos y quiebras
_plas cooperativas del art. 190, L.C.Q., las empresas recuperadas
020 _a950-894-428-5
264 1 _aBuenos Aires :
_bAD-HOC
_c2004
300 _a120 p.
_c23 cm.
505 _a1. Introducción - 2. La empresa. Los factores de la producción - 3. Las ventajas laborales en el régimen de la ley 24.522 - 4. Las pseudoventajas - 5. Las desventajas - 6. La reforma de la ley 25.589. En punto a la continuación de la explotación de la fallida por una cooperativa de trabajadores - 7. Conclusiones y propuestas
041 _aspa
942 _cBK
590 _aniveau_biblio:m niveau_hierar:0
100 1 _aUbeid, Julio
700 1 _aUbeid, Flavia L.
700 1 _aZamar, H. David
856 4 1 _uhttps://biblioeco.unsa.edu.ar/pmb/images/libros/aspectos_laborales.jpg
_yImagen de portada
_qimage/jpeg
999 _c3427
_d3427